000 00490nam a22001937a 4500
003 OSt
008 251219b |||||||| |||| 00| 0 eng d
082 _a631.53
_bH52S
100 _aHemant Kumar
245 _aSelection Criteria in Sesame (Sesamum indicum L.) for Late Sown Condition
260 _a.- Pusa, Samastipur
_b: RAU
_c, 2001
300 _a67p.
502 _bM. Sc.
650 _aPlant Breeding
650 _aSesame
650 _aThesis
650 _aM. Sc.
942 _2ddc
_cT
999 _c49594
_d49594